000 00842nam a2200157Ia 4500
001 22014
003 GE_BSU
008 181216s||||||||xx |||||||||||||| ||und||
040 _cGE_BSU
100 _aავტ.: ალექსანდრე დაუშვილი, ოთარ გოგოლიშვილი, ჯემალ კარალიძე [და სხვ.]
245 _aბრძოლა ბათუმისთვის, 1921 წლის 18-20 მარტი : [მონოგრაფია]
245 _cრედ. მალხაზ მაცაბერიძე
653 _aსაქართველოს ისტორია
653 _aსაქართველოს ქალაქების ისტორია. ბათუმისათვის ბრძოლა 1921 წ.
942 _cBK
999 _c54943
_d54943